| 000 | 00642nam a2200217Ia 4500 | ||
|---|---|---|---|
| 005 | 20250508164040.0 | ||
| 008 | 008 250505s9999 xx 000 0 eng d | ||
| 020 | _a0-8058-2399-9 | ||
| 037 | _aReference | ||
| 040 |
_aFEDL _beng _cFEDL |
||
| 041 |
_aeng _2eng |
||
| 084 |
_a428.4072, HAN _qFEDL |
||
| 100 |
_aKamil Michael L. et. al _9777177 |
||
| 245 | 0 | _aHand book of reading research. Vol 3 | |
| 260 |
_aMahwah, USA _bLawrence Erlbaum Associates, Publishers _c2000 |
||
| 300 | _axiv,1010p. | ||
| 365 |
_aUSD _b85 |
||
| 650 |
_aReading research _9777178 |
||
| 942 |
_cREF _h428.4072, HAN |
||
| 999 |
_c1386769 _d1386769 |
||